000 00691nam a2200289Ia 4500
005 20260324141704.0
008 008 260324s9999 xx 000 0 eng d
020 _a9781315784946
037 _aEBOOK
040 _aCRL
040 _beng
040 _cCRL
041 _2eng
041 _aeng
084 _qCRL
100 _aAidan P. Moran
_91209127
245 4 _aThe Psychology of Concentration in Sport Performers
245 2 _bA Cognitive Analysis
260 _bTaylor and Francis
260 _c1996
365 _a
365 _b230
856 _uhttp://www.taylorfrancis.com/books/9781315784946
942 _cEBOOK
999 _c1812493
_d1812493